Statistics for 10 U.S. States with the Lowest Tax Burden

Click here to take the quiz!

General Stats

  • This quiz has been taken 157 times
  • The average score is 6 of 10

Answer Stats

% State % Correct
5.1Alaska
79%
6.6Florida
76%
7.3Montana
74%
7.3Alabama
73%
7.5Wyoming
73%
7.3South Dakota
71%
7.1Oklahoma
64%
6.3Tennessee
61%
6.9New Hampshire
32%
5.6Delaware
29%

Score Distribution

Percentile by Number Answered

Percent of People with Each Score

Your Score History

You have not taken this quiz